Current Derivative Estimation of Non-stationary Processes Based on Metrical Information; Computational Collective Intelligence; Vol. 9330 of the series Lecture Notes in Computer Science

Bibliographic Details
Parent link:Computational Collective Intelligence
Vol. 9330 of the series Lecture Notes in Computer Science.— 2015.— [P. 512-519]
Main Author: Kochegurova E. A. Elena Alekseevna
Corporate Author: Национальный исследовательский Томский политехнический университет (ТПУ) Институт кибернетики (ИК) Кафедра автоматики и компьютерных систем (АИКС)
Other Authors: Gorokhova E. Ekaterina
Summary:Title screen
Demand for estimation of derivatives has arisen in a range of some applied problems. One of the possible approaches to estimating derivatives is to approximate measurement data. The problem of real-time estimation of de-rivatives is investigated. A variation method of obtaining recurrent smoothing splines is proposed for estimation of derivatives. A distinguishing feature of the described method is recurrence of spline coefficients with respect to its segments and locality about measured values inside the segment. Influence of smoothing spline parameters on efficiency of such estimations is studied. Comparative analysis of experimental results is performed.
Режим доступа: по договору с организацией-держателем ресурса
Language:English
Published: 2015
Subjects:
Online Access:http://dx.doi.org/10.1007/978-3-319-24306-1_50
Format: Electronic Book Chapter
KOHA link:https://koha.lib.tpu.ru/cgi-bin/koha/opac-detail.pl?biblionumber=645945

MARC

LEADER 00000nla0a2200000 4500
001 645945
005 20250401113019.0
035 |a (RuTPU)RU\TPU\network\11050 
090 |a 645945 
100 |a 20160205d2015 k||y0rusy50 ba 
101 0 |a eng 
135 |a drcn ---uucaa 
181 0 |a i  
182 0 |a b 
200 1 |a Current Derivative Estimation of Non-stationary Processes Based on Metrical Information  |f E. A. Kochegurova, E. Gorokhova 
203 |a Text  |c electronic 
300 |a Title screen 
320 |a [References: 11 tit.] 
330 |a Demand for estimation of derivatives has arisen in a range of some applied problems. One of the possible approaches to estimating derivatives is to approximate measurement data. The problem of real-time estimation of de-rivatives is investigated. A variation method of obtaining recurrent smoothing splines is proposed for estimation of derivatives. A distinguishing feature of the described method is recurrence of spline coefficients with respect to its segments and locality about measured values inside the segment. Influence of smoothing spline parameters on efficiency of such estimations is studied. Comparative analysis of experimental results is performed. 
333 |a Режим доступа: по договору с организацией-держателем ресурса 
461 |t Computational Collective Intelligence 
463 |t Vol. 9330 of the series Lecture Notes in Computer Science  |v [P. 512-519]  |d 2015 
610 1 |a электронный ресурс 
610 1 |a труды учёных ТПУ 
610 1 |a рекуррентные алгоритмы 
610 1 |a производные 
610 1 |a сплайны 
700 1 |a Kochegurova  |b E. A.  |c specialist in the field of Informatics and computer engineering  |c associate Professor of Tomsk Polytechnic University, candidate of technical Sciences  |f 1958-  |g Elena Alekseevna  |3 (RuTPU)RU\TPU\pers\33442  |9 17123 
701 1 |a Gorokhova  |b E.  |g Ekaterina 
712 0 2 |a Национальный исследовательский Томский политехнический университет (ТПУ)  |b Институт кибернетики (ИК)  |b Кафедра автоматики и компьютерных систем (АИКС)  |3 (RuTPU)RU\TPU\col\18698 
801 2 |a RU  |b 63413507  |c 20160205  |g RCR 
856 4 |u http://dx.doi.org/10.1007/978-3-319-24306-1_50 
942 |c CF